书目信息 |
| 题名: |
浪漫主义时代
|
|
| 作者: | 张素琪 著 | |
| 分册: | ||
| 出版信息: | 广州 暨南大学出版社 2002 |
|
| 页数: | 143页 | |
| 开本: | 20cm | |
| 丛书名: | 大师·美术 | |
| 单 册: | ||
| 中图分类: | J110.99 | |
| 科图分类: | ||
| 主题词: | 艺术--流派--画家--世界 | |
| 电子资源: | ||
| ISBN: | 7-81079-168-0 | |
| 000 | 00889oam2 2200277 450 | |
| 001 | 020000015259 | |
| 005 | 20050923094843.71 | |
| 010 | @a7-81079-168-0@dCNY28.00 | |
| 100 | @a20040709d2002 em y0chiy0110 ea | |
| 101 | 0 | @achi |
| 102 | @aCN@b440000 | |
| 105 | @aa z 000yd | |
| 200 | 1 | @a浪漫主义时代@9lang man zhu yi shi dai@e戈雅 德拉克洛瓦@f张素琪著@Fzhang su qi zhu |
| 210 | @a广州@c暨南大学出版社@d2002 | |
| 215 | @a143页@c图@d20cm | |
| 225 | 2 | @a大师·美术@f张坚主编 |
| 410 | 0 | @12001 @a大师·美术@1701 0@a张坚@Azhang jian@4主编 |
| 461 | 0 | @12001 @a大师·美术 |
| 517 | 1 | @a戈雅 德拉克洛瓦@9ge ya de la ke luo wa |
| 600 | 1 | @a戈雅@bB.J.D.@f1746~1828@x评传 |
| 600 | 1 | @a德拉克洛瓦@bE.@f1798~1863@x评传 |
| 606 | 0 | @a艺术@x流派@x画家@y世界 |
| 690 | @aJ110.99@v4 | |
| 701 | 0 | @a张素琪@Azhang su qi@4著 |
| 801 | 0 | @aCN@bTSSF@c20050923 |
| 905 | @a10447@dJ110.99@e54 | |
| 浪漫主义时代:戈雅 德拉克洛瓦/张素琪著.-广州:暨南大学出版社,2002 |
| 143页:图;20cm.-(大师·美术/张坚主编) |
| ISBN 7-81079-168-0:CNY28.00 |
| ● |
| 相关链接 |
|
|
|
|
正题名:浪漫主义时代
索取号:J110.99/54
 
预约/预借
| 序号 | 登录号 | 条形码 | 馆藏地/架位号 | 状态 | 备注 |
| 1 | 0362870 | 3628701 | 第一样本阅览室/ [索取号:J110.99/54] | 在馆 | |
| 2 | 0362871 | 3628710 | 第一借阅区/ [索取号:J110.99/54] | 在馆 | |
| 3 | 0362872 | 3628729 | 第一借阅区/ [索取号:J110.99/54] | 在馆 | |
| 4 | 0362873 | 3628738 | 第一借阅区/ [索取号:J110.99/54] | 在馆 | |
| 5 | 0362874 | 3628747 | 第一借阅区/ [索取号:J110.99/54] | 在馆 |